[Event "Andalucia-ch"]
[Site "Lucena"]
[Date "2012.04.30"]
[Round "7"]
[White "De la Puerta Cresis, Javier"]
[Black "Galvez Paniagua, Rafael"]
[Result "1-0"]
[WhiteElo "1999"]
[BlackElo "1938"]
[PlyCount "63"]
[EventDate "2012.04.26"]
[EventType "swiss"]
[EventRounds "9"]
[EventCountry "ESP"]
[SourceTitle "EXT 2013"]
[Source "ChessBase"]
[SourceDate "2012.11.22"]
[SourceVersion "1"]
[SourceVersionDate "2012.11.22"]
[SourceQuality "1"]

1. e4 c5 2. Nf3 e6 3. d4 cxd4 4. Nxd4 Nf6 5. Bd3 Nc6 6. Nxc6 dxc6 7. 0-0 Qc7 8. Nc3 Bd6 9. f4 e5 10. f5 Bd7 11. Kh1 0-0-0 12. Rb1 g6 13. fxg6 Ng4 14. gxf7 Bc5 15. Qf3 Be6 16. Na4 Be7 17. b4 Rdf8 18. Qe2 b5 19. h3 h5 20. Nc5 Bxc5 21. bxc5 Rxf7 22. Bd2 Nf6 23. a4 a6 24. axb5 cxb5 25. Bxb5 axb5 26. Qxb5 Nxe4 27. Qa6+ Kd8 28. Ba5 Ng3+ 29. Kg1 Nxf1 30. Bxc7+ Rxc7 31. Qd6+ Bd7 32. Qf6+ 1-0